Captivity and prisoners of war in the battle of truth against falsehood (Record no. 36732)

MARC details
000 -LEADER
fixed length control field 00562nam a2200133 a 4500
008 - FIXED-LENGTH DATA ELEMENTS--GENERAL INFORMATION
fixed length control field 120416s1984 ||||||||||||||||| || u
050 ## - LIBRARY OF CONGRESS CALL NUMBER
Classification number DS 318.85 Moe
100 ## - MAIN ENTRY--PERSONAL NAME
Personal name Moez, A. Faraji
245 10 - TITLE STATEMENT
Title Captivity and prisoners of war in the battle of truth against falsehood
260 ## - PUBLICATION, DISTRIBUTION, ETC.
Place of publication, distribution, etc. Tehran
Name of publisher, distributor, etc. The Ministry of Islamic Guidance
Date of publication, distribution, etc. 1984
300 ## - PHYSICAL DESCRIPTION
Extent iv, 279p. (126)p. : ill.
350 ## - PRICE (NR) (BK AM CF MU VM SE) [OBSOLETE]
Price 0.00
995 ## - RECOMMENDATION 995 [LOCAL, UNIMARC FRANCE]
-- 0.00
-- CBU-MAIN LIBRARY (Kitwe)
-- 1
-- 14.75
-- 1
-- AVAILABLE
-- Jul 21, 2006
-- Main Library Open Access Collection
Holdings
Withdrawn status Lost status Source of classification or shelving scheme Damaged status Not for loan Home library Current library Shelving location Date acquired Total Checkouts Full call number Barcode Date last seen Price effective from Koha item type
          CBU-MAIN LIBRARY, KITWE. CBU-MAIN LIBRARY, KITWE.   11/30/2022   DS 318.85 Moe 000857 11/30/2022 11/30/2022 MONOGRAPH